Southville International School and Colleges
Your cart is empty.
  • Cart
  • Lists
    Public lists Eva Luna New books Lux_list list_1
    Your lists Log in to create your own lists
  • Log in to your account
  • Your cookies
  • Search history
Southville International School and Colleges
  • Advanced search
  • Recent comments
  • Most popular
  • Libraries

Log in to your account

Log in with GOOGLE


If you do not have an external account, but do have a local account, you can still log in:

  1. Home
  2. MARC view: Theoretical basis for nursing.
Normal view MARC view ISBD view

Theoretical basis for nursing. (Record no. 23226)

[ view plain ]
MARC details
000 -LEADER
fixed length control field 00611nam a2200229 a 4500
005 - DATE AND TIME OF LATEST TRANSACTION
control field 20140310183445.0
008 - FIXED-LENGTH DATA ELEMENTS--GENERAL INFORMATION
fixed length control field 080924s19uu xx 00 eng d
020 ## - INTERNATIONAL STANDARD BOOK NUMBER
International Standard Book Number 9780781762830
050 ## - LIBRARY OF CONGRESS CALL NUMBER
Classification number RT 84.5
Item number .T36 2007
100 ## - MAIN ENTRY--PERSONAL NAME
Personal name McEwen, Melanie
245 ## - TITLE STATEMENT
Title Theoretical basis for nursing.
250 ## - EDITION STATEMENT
Edition statement 2nd ed.
260 ## - PUBLICATION, DISTRIBUTION, ETC. (IMPRINT)
Place of publication, distribution, etc Philadelphia :
Name of publisher, distributor, etc Lippincott Williams & Wilkins,
Date of publication, distribution, etc 2007.
300 ## - PHYSICAL DESCRIPTION
Extent 551p. :
Other physical details ill ;
Dimensions 23 cm.
521 ## - TARGET AUDIENCE NOTE
Target audience note
650 ## - SUBJECT ADDED ENTRY--TOPICAL TERM
Topical term or geographic name as entry element Nursing Books.
650 ## - SUBJECT ADDED ENTRY--TOPICAL TERM
Topical term or geographic name as entry element Nursing
General subdivision Philosophy.
650 ## - SUBJECT ADDED ENTRY--TOPICAL TERM
Topical term or geographic name as entry element Nursing.
700 ## - ADDED ENTRY--PERSONAL NAME
Personal name Wills, Evelyn M.
942 ## - ADDED ENTRY ELEMENTS (KOHA)
Koha item type Books
Source of classification or shelving scheme Library of Congress Classification
Call number prefix Foreign
Holdings
Withdrawn status Lost status Source of classification or shelving scheme Damaged status Home library Current library Shelving location Date acquired Total Checkouts Total Renewals Full call number Barcode Date last seen Date checked out Copy number Price effective from Koha item type
    Library of Congress Classification   College Library College Library General Circulation Section 12/18/2013 2 2 RT 84.5 .T36 2007 C9812 05/15/2018 09/11/2015 1 12/18/2013 Books

Theoretical basis for nursing.

APA

McEwen M., Wills E. M., . (2007). Theoretical basis for nursing. Philadelphia: Lippincott Williams & Wilkins.

Chicago

McEwen Melanie, Wills Evelyn M, . 2007. Theoretical basis for nursing. Philadelphia: Lippincott Williams & Wilkins.

Harvard

McEwen M., Wills E. M., . (2007). Theoretical basis for nursing. Philadelphia: Lippincott Williams & Wilkins.

MLA

McEwen Melanie, Wills Evelyn M, . Theoretical basis for nursing. Philadelphia: Lippincott Williams & Wilkins. 2007.

  • Place hold
  • Print
  • Cite
  • Add to your cart (remove)
  • Save record
    BIBTEX Dublin Core MARCXML MARC (non-Unicode/MARC-8) MARC (Unicode/UTF-8) MARC (Unicode/UTF-8, Standard) MODS (XML) RIS
  • More searches
    Search for this title in:
    Other Libraries (WorldCat) Other Databases (Google Scholar) Online Stores (Bookfinder.com) Open Library (openlibrary.org)

Exporting to Dublin Core...

SOUTHVILLE LIBRARY

Southville International School and Colleges Library

1281 Tropical Ave. Cor. Luxembourg St., BF Homes International, Las Pinas City

Tel. No. 8256374 / 252358 Loc. 117/146

Powered by Koha